| 000 | 00662nam a2200181Ia 4500 | ||
|---|---|---|---|
| 008 | 151018s9999 xx 000 0 und d | ||
| 082 |
_bRBASDV20175 _a891.463 |
||
| 100 | _aमोरेश्वर पटवर्धन | ||
| 245 | _aभेटीलागी जीवा | ||
| 250 | _b1 | ||
| 260 |
_bसाहित्य प्रसार केंद्र नागपूर _c1986 |
||
| 300 | _a96 | ||
| 600 | _aमोरेश्वर पटवर्धन | ||
| 630 | _aभेटीलागी जीवा | ||
| 700 | _aमोरेश्वर पटवर्धन | ||
| 730 | _aभेटीलागी जीवा | ||
| 942 | _cBOOK | ||
| 999 |
_c1020802 _d1020799 |
||